| 000 | 00454nam a22001697a 4500 | ||
|---|---|---|---|
| 005 | 20260224151910.0 | ||
| 008 | 260224b |||||||| |||| 00| 0 eng d | ||
| 041 | _aeng | ||
| 082 | _a509.2 SHI-F | ||
| 100 |
_aALVI, M. A AND RAHMAN A. _98858 |
||
| 245 | _aFATHULLA SHIRAZI A SIXTEEN -CENTURY INDIAN SCIENTIST | ||
| 250 | _a1st Ed. | ||
| 260 |
_aNEW DELHI _bINDIAN NATIONAL SCIENCE ACADEMY |
||
| 300 | _a41;P | ||
| 650 |
_aBGP _98859 |
||
| 942 | _cBK | ||
| 999 |
_c9032 _d9030 |
||